000 01036cam a2200325 a 4500
001 8231991
003 ARRUPE
005 20131202183614.0
008 100525s2010 enka b 001 0 eng
020 _a9780199575268 (pbk.)
020 _a0199575266 (pbk.)
024 _a40018610407
035 _a(OCoLC)ocn642283148
035 _a(OCoLC)642283148
035 _a(NNC)8231991
040 _aUKM
_cUKM
_dYDXCP
_dBWK
_dITJCU
_dC#P
050 4 _aBL2747
_b.L476 2010
082 0 4 _a149.72
_222
100 1 _aLe Poidevin, Robin,
_d1962-
_94692
245 1 0 _aAgnosticism :
_ba very short introduction /
_cRobin Le Poidevin.
260 _aOxford ;
_aNew York :
_bOxford University Press,
_c2010.
300 _axiv, 134 p. :
_bill. ;
_c18 cm.
490 1 _aVery short introductions ;
_v250
504 _aIncludes bibliographical references (p. 119-129) and index.
650 0 _aAgnosticism.
_94693
830 0 _aVery short introductions ;
_v250.
_94694
942 _2lcc
_cMONOGRAPH
948 1 _a20110119
_bc
_csds12
_dMPS
999 _c118934
_d118934